Plan de manejo para la conservación de las nutrias (Lontra longicaudis y Pteronura brasiliensis) en Colombia / (Registro nro. 19515)
[ vista simple ]
| 000 -CABECERA | |
|---|---|
| Campo de control | 01332nmm a2200289 a 4500 |
| 005 - FECHA Y HORA DE LA ULTIMA TRANSACCION | |
| Campo de control | 20191224042325.0 |
| 008 - ELEMENTOS DE LONGITUD FIJA—INFORMACION GENERAL | |
| Campo de control | 170531b2016 ck ||||fq||d| 00| 0 spa d |
| 020 ## - ISBN | |
| ISBN | 9789588901305 (impreso) |
| 020 ## - ISBN | |
| ISBN | 9789588901312 (digital) |
| 040 ## - FUENTE DE CATALOGACIÓN | |
| Agencia catalogadora original | CO-BoIAVH |
| Agencia transcriptora | CO-BoIAVH |
| 041 0# - IDIOMA | |
| Código de idioma para texto/pista de sonido o título separado | Español |
| 044 ## - PAÍS DE PUBLICACIÓN | |
| País de publicación | Colombia |
| 090 ## - CLASIFICACIÓN LOCAL | |
| Colección | MM- |
| 245 00 - MENCION DE TITULO | |
| Título | Plan de manejo para la conservación de las nutrias (Lontra longicaudis y Pteronura brasiliensis) en Colombia / |
| Mención de responsabilidad | Ministerio de Ambiente y Desarrollo Sostenible. Dirección de Bosques, Biodiversidad y Servicios Ecosistémicos |
| Medio físico | [Libro electrónico] |
| 256 ## - CARACTERÍSTICAS DE ARCHIVO(S) | |
| Características de archivos | 1 libro electrónico (1 archivo : 94.556.235 bytes) |
| 260 ## - PUBLICACION, DISTRIBUCION, ETC. (PIE DE IMPRENTA) | |
| Lugar de publicación, distribución, etc. | Bogotá (Colombia) : |
| Nombre del editor, distribuidor, etc. | Ministerio de Ambiente y Desarrollo Sostenible : |
| -- | Fundación Omacha, |
| Fecha de publicación, distribución, etc. | 2016. |
| 300 ## - DESCRIPCION FISICA | |
| Extensión | 1 CD-ROM ; |
| Dimensiones | 12 cm de diametro |
| 538 ## - NOTA DE DETALLES DEL SISTEMA | |
| Nota de detalles del sistema | Requiere Acrobat Reader o programa similar de apertura de archivos en pdf. |
| 650 26 - ASIENTO SECUNDARIO DE MATERIA - TERMINO TEMATICO | |
| Término temático o nombre geográfico como elemento de entrada | Mamíferos acuáticos |
| 9 (RLIN) | 93274 |
| 650 26 - ASIENTO SECUNDARIO DE MATERIA - TERMINO TEMATICO | |
| Término temático o nombre geográfico como elemento de entrada | Nutria |
| 9 (RLIN) | 81767 |
| 650 24 - ASIENTO SECUNDARIO DE MATERIA - TERMINO TEMATICO | |
| Término temático o nombre geográfico como elemento de entrada | Lontra longicaudis (nutria neotropical) |
| 9 (RLIN) | 81759 |
| 650 24 - ASIENTO SECUNDARIO DE MATERIA - TERMINO TEMATICO | |
| Término temático o nombre geográfico como elemento de entrada | Pteronura brasiliensis (nutria gigante) |
| 9 (RLIN) | 81762 |
| 650 26 - ASIENTO SECUNDARIO DE MATERIA - TERMINO TEMATICO | |
| Término temático o nombre geográfico como elemento de entrada | Conservación de la diversidad biológica |
| 9 (RLIN) | 81768 |
| 650 26 - ASIENTO SECUNDARIO DE MATERIA - TERMINO TEMATICO | |
| Término temático o nombre geográfico como elemento de entrada | Especies en peligro de extinción |
| 9 (RLIN) | 255 |
| 710 1# - ASIENTO SECUNDARIO - NOMBRE CORPORATIVO | |
| Nombre corporativo o de jurisdicción como elemento de entrada | Colombia |
| Unidad subordinada | Ministerio de Medio Ambiente y Desarrollo Sostenible |
| 9 (RLIN) | 81770 |
| 942 ## - ELEMENTOS ADICIONALES (KOHA) | |
| Sistema de clasificación | Local |
| Tipo de ítem | CD-ROM |
| Withdrawn status | Lost status | Sistema de Clasificación | Damaged status | No para préstamo | Colección | Ubicación Permanente | Ubicación actual | Fecha de adquisición | Total Checkouts | Número topográfico | Inventario / Código de Barras | Date last seen | Ejemplar | Price effective from | Forma de adquisición | Tipo de material |
|---|---|---|---|---|---|---|---|---|---|---|---|---|---|---|---|---|
| Local | Recursos electrónicos | Bogotá | Bogotá | 31/05/2017 | MM- | 041311 | 31/05/2017 | Ej. 1 | 31/05/2017 | Donación | CD-ROM | |||||
| Local | Recursos electrónicos | Bogotá | Bogotá | 31/05/2017 | MM- | 041310 | 31/05/2017 | Ej. 2 | 31/05/2017 | Donación | CD-ROM |